000 00294nam a22001097a 4500
008 170119b xxu||||| |||| 00| 0 eng d
020 _a9780781718493
041 _aeng
080 _23RD
_a618.2
245 _aSTUDY GUIDE TO ACCOMPANY MATERNAL & CHILD HEALTH NURSING
_cJOHNSON, J.Y
942 _2udc
_cBK
999 _c3200
_d3200